| 000 | 00738cam a22002292 4500 | ||
|---|---|---|---|
| 001 | 0000019856 | ||
| 005 | 20151217155227.0 | ||
| 008 | 110222s xx 000 0 eng d | ||
| 020 | _a0132144988 : | ||
| 040 |
_aKABU _cKABU |
||
| 100 | 1 |
_aElmasri, Ramez. _@0000148410 |
|
| 245 | 1 | 0 |
_aDatabase systems : _bmodels, languages, design, and application programming / _cNavathe, Shamkant B. Navathe. |
| 250 | _a6th ed. | ||
| 260 |
_aBoston : _bPearson, _c2011. |
||
| 300 | _axxv, 1155 p. | ||
| 650 | 0 |
_aDatabase management. _@0000148184 |
|
| 650 | 0 |
_aDatabase design. _@0000148441 |
|
| 700 | 1 |
_aNavathe, Shamkant B. _@0000148411 |
|
| 852 | 1 | _9p6498.70 KES | |
| 908 | _a110222 | ||
| 950 | _@1 | ||
| 999 |
_c12114 _d12114 |
||